Junák spod Vepra (Písané pri príležitosti 60. narodenín národného umelca Vladimíra Mináča.)

Bibliographic Details
Main Author: Holka, Peter, 1950- (Author)
Other Authors: Repčok, Štefan, 1925- (gup)
Format: Article
Language:Slovak
Subjects:

MARC

LEADER 00000nab a2200000 a 4500
001 vtls000130286
003 SK-MaSNL
005 20260303173627.0
008 160215c1982 xo 0 slo
015 |a SNBRB19rr/mm-uuuuu 
035 |a CL0140392 
040 |a SNKBUCL  |b slo  |c SNKBUCL  |e AACR2 
041 0 |a slo 
044 |a xo  |c SK 
080 |a 82:929:885.4  |2 1981 
080 |a 885.4  |2 1981 
080 |a 929 Mináč, Vladimír  |2 1981 
100 1 |a Holka, Peter,  |d 1950-  |4 aut  |9 85921 
245 1 0 |a Junák spod Vepra  |b (Písané pri príležitosti 60. narodenín národného umelca Vladimíra Mináča.)  |c Peter Holka ; Š. Repčok 
600 1 7 |a Mináč, Vladimír,  |d 1922-1996  |2 snkbucl  |9 103107 
655 7 |a články z novín a časopisov  |2 snkbucl  |9 267496 
655 7 |a články z odboru literárna veda a krásna literatúra  |2 snkbucl  |9 770045 
700 1 |a Repčok, Štefan,  |d 1925-  |4 gup  |9 41720 
773 0 |t Smer  |g Roč. 34, č. 185 (6. 8. 1982), s. 9 
850 |a Slovenská národná knižnica v Martine  |a MTA001 
852 |a SNK  |b KIS3GCP 
958 |a BX 
958 |a LX 
992 |a RBX 
999 |c 2093133  |d 2095063